000 00507 a2200157 4500
003 NUST
005 20251021114045.0
040 _cNust
082 _a621.382,HAF
100 _aHafeez , Mudassar NC (TE-37)
_9131314
245 _aSpeech compression using ITU-G. 729 implementation and analysis using matlab /
_cNC Mudasar Hafeez , NC Omair Khalid,NC Fahd Rasheed,PC Arslan Javed
260 _aRawalpindi
_bMCS
_c2004
650 _aUG Projects
_998716
651 _aTE-37
_9131315
942 _cPR
_2ddc
999 _c182828
_d182828